[Event "Schachfestival Basel 2014"]
[Site "Basel"]
[Date "2014.01.02"]
[Round "3.37"]
[White "Hund, Barbara"]
[Black "Engesser, Jonas"]
[Result "1-0"]
[WhiteElo "2161"]
[BlackElo "1847"]
[PlyCount "49"]
[EventDate "2014.??.??"]
[EventRounds "7"]
[EventCountry "SUI"]
[SourceDate "2014.01.01"]

1. e4 c5 2. Nc3 d6 3. f4 Nc6 4. Nf3 g6 5. Bb5 Bd7 6. O-O e6 7. d4 cxd4 8. Nxd4
Bg7 9. Nde2 Qc7 10. f5 Nf6 11. Bf4 e5 12. Bg5 Qb6+ 13. Kh1 O-O-O 14. Bxc6 Bxc6
15. Bxf6 Bxf6 16. Nd5 Bxd5 17. Qxd5 gxf5 18. Rxf5 Qxb2 19. Raf1 Be7 20. Rxf7
Bg5 21. Nc3 Rd7 22. Rxd7 Kxd7 23. Nb5 Kc8 24. Nxd6+ Kb8 25. Nf7 1-0

[Event "Schachfestival Basel 2014"]
[Site "Basel"]
[Date "2014.01.02"]
[Round "3.38"]
[White "Faraone, Ettore"]
[Black "Stankovic, Zeljko"]
[Result "0-1"]
[WhiteElo "2074"]
[BlackElo "2239"]
[PlyCount "94"]
[EventDate "2014.??.??"]
[EventRounds "7"]
[EventCountry "SUI"]
[SourceDate "2014.01.01"]

1. d4 Nf6 2. Nf3 e6 3. g3 b5 4. Bg2 Bb7 5. O-O c5 6. c3 Be7 7. a4 b4 8. dxc5
Bxc5 9. cxb4 Bxb4 10. Qb3 a5 11. Nc3 O-O 12. Nb5 Na6 13. Bf4 Qb6 14. Rfc1 Bd5
15. Qd1 Ne4 16. Be3 Bc5 17. Nfd4 Rfc8 18. Bf3 Nf6 19. Nc2 Bxf3 20. exf3 d5 21.
Ncd4 Nb4 22. Kg2 e5 23. Nf5 d4 24. Bg5 d3 25. Rc4 Qe6 26. Ne3 Bxe3 27. Rxc8+
Rxc8 28. Bxe3 Rc2 29. Rc1 Nfd5 30. Rxc2 dxc2 31. Qd2 Nxe3+ 32. fxe3 Qc8 33. Nc3
Nd3 34. Ne2 c1=Q 35. Nxc1 Nxc1 36. Qxa5 Qc2+ 37. Kh3 Qf5+ 38. Kg2 Qc2+ 39. Kh3
Qc8+ 40. Kg2 Nd3 41. Qd2 Qd7 42. Qc3 g6 43. b4 Qd5 44. a5 e4 45. f4 Qa2+ 46.
Kh3 Nf2+ 47. Kh4 Qe6 0-1

[Event "Schachfestival Basel 2014"]
[Site "Basel"]
[Date "2014.01.02"]
[Round "3.39"]
[White "Kaspereit, Holger"]
[Black "Viennot, Dylan"]
[Result "1-0"]
[WhiteElo "2070"]
[BlackElo "2237"]
[PlyCount "81"]
[EventDate "2014.??.??"]
[EventRounds "7"]
[EventCountry "SUI"]
[SourceDate "2014.01.01"]

1. e4 e6 2. d4 d5 3. Nc3 Nf6 4. Bg5 Be7 5. exd5 exd5 6. Bd3 Nbd7 7. Nf3 Nf8 8.
h3 Ne6 9. Be3 O-O 10. O-O b6 11. Re1 c5 12. Ne5 Bb7 13. Ne2 Qc7 14. f4 a5 15.
c3 Ba6 16. f5 Nd8 17. Ng4 Bxd3 18. Nxf6+ Bxf6 19. Qxd3 c4 20. Qd2 Nb7 21. Bf4
Qd7 22. g4 Bh4 23. Bg3 Bxg3 24. Nxg3 Qd6 25. Kg2 Rfe8 26. Nh5 Qf8 27. Re5 f6
28. Rxd5 Qf7 29. Nf4 Re4 30. Ne6 Rxe6 31. fxe6 Qxe6 32. Rf5 Re8 33. Raf1 Nd6
34. R5f4 Ne4 35. Qe3 Qc6 36. Qf3 Qa4 37. Re1 Nd6 38. Qd5+ Nf7 39. Rxe8+ Qxe8
40. Re4 Qf8 41. Qc6 1-0

[Event "Schachfestival Basel 2014"]
[Site "Basel"]
[Date "2014.01.02"]
[Round "3.40"]
[White "Rahnfeld, Jens"]
[Black "Wittke, Christian"]
[Result "1-0"]
[WhiteElo "2047"]
[BlackElo "2168"]
[PlyCount "77"]
[EventDate "2014.??.??"]
[EventRounds "7"]
[EventCountry "SUI"]
[SourceDate "2014.01.01"]

1. e4 c5 2. Nf3 e6 3. d4 cxd4 4. Nxd4 Nf6 5. Nc3 d6 6. Be3 a6 7. Be2 Be7 8. f4
Qc7 9. Qd2 Nc6 10. g4 Nxd4 11. Qxd4 e5 12. Qd1 exf4 13. Bxf4 h6 14. Qd4 Be6 15.
O-O-O Rd8 16. Kb1 b5 17. h4 Qc5 18. Nd5 Bxd5 19. exd5 Rc8 20. c3 Qxd4 21. Rxd4
Kd8 22. Bg3 Nd7 23. a4 Rc5 24. axb5 axb5 25. Rb4 Rxd5 26. Rd1 Rxd1+ 27. Bxd1
Kc7 28. Rxb5 Bf6 29. Bf3 Rb8 30. Rxb8 Nxb8 31. Bd5 Nd7 32. Bxf7 Ne5 33. Be6 Kc6
34. Kc2 Kc5 35. Bf2+ Kc6 36. c4 Kc7 37. b4 Nf3 38. Bd5 Nxh4 39. Ba7 1-0

[Event "Schachfestival Basel 2014"]
[Site "Basel"]
[Date "2014.01.02"]
[Round "3.41"]
[White "Goettelmann, Guillaume"]
[Black "Budisin, Stanislav"]
[Result "1/2-1/2"]
[WhiteElo "2045"]
[BlackElo "2149"]
[PlyCount "105"]
[EventDate "2014.??.??"]
[EventRounds "7"]
[EventCountry "SUI"]
[SourceDate "2014.01.01"]

1. d4 Nf6 2. Nf3 g6 3. c4 c5 4. d5 b5 5. cxb5 a6 6. e3 axb5 7. Bxb5 Bg7 8. Nc3
O-O 9. O-O d6 10. a4 Na6 11. e4 Nc7 12. Bc4 Rb8 13. e5 Ng4 14. exd6 exd6 15.
Nb5 Ne5 16. Nxe5 Bxe5 17. Nxc7 Qxc7 18. Ra2 Qe7 19. b3 Qh4 20. g3 Qh3 21. Bb2
Bg4 22. f3 Bxb2 23. Rxb2 Bd7 24. Re2 Qf5 25. Qc2 Qf6 26. Qd2 Bh3 27. Rff2 Rfe8
28. Re1 Rxe1+ 29. Qxe1 Rb7 30. Re2 Qxf3 31. Qf2 Qc3 32. Re1 Kf8 33. Qe3 Qxe3+
34. Rxe3 Re7 35. Kf2 Bc8 36. Rxe7 Kxe7 37. Ke3 Kf6 38. Ke4 Bf5+ 39. Kf4 g5+ 40.
Ke3 Ke5 41. a5 Bc8 42. a6 f5 43. h4 f4+ 44. Kf2 fxg3+ 45. Kxg3 gxh4+ 46. Kxh4
Kd4 47. Kg5 Bxa6 48. Bxa6 Kxd5 49. Bd3 Kd4 50. Bxh7 d5 51. Kf4 Kc3 52. Ke5 Kxb3
53. Kxd5 1/2-1/2

[Event "Schachfestival Basel 2014"]
[Site "Basel"]
[Date "2014.01.02"]
[Round "3.42"]
[White "Buttenmueller, Thomas"]
[Black "Terraz, Christian"]
[Result "1-0"]
[WhiteElo "2143"]
[BlackElo "2080"]
[PlyCount "65"]
[EventDate "2014.??.??"]
[EventRounds "7"]
[EventCountry "SUI"]
[SourceDate "2014.01.01"]

1. Nf3 d6 2. d4 Nf6 3. c4 g6 4. Bf4 Bg7 5. h3 O-O 6. e3 Nbd7 7. Be2 Qe8 8. Nc3
c6 9. O-O e5 10. Bh2 Qe7 11. b4 Ne8 12. Rc1 e4 13. Nd2 f5 14. a4 Ndf6 15. b5 h5
16. a5 Bh6 17. c5 d5 18. a6 f4 19. axb7 Bxb7 20. Bxf4 Bxf4 21. exf4 Nh7 22. Qb3
e3 23. bxc6 Bxc6 24. Nxd5 Bxd5 25. Qxd5+ Kg7 26. Nf3 Rd8 27. Qe5+ Qxe5 28. fxe5
exf2+ 29. Rxf2 Nc7 30. Ra1 Ne6 31. Rxa7+ Kh6 32. c6 Nxd4 33. Nxd4 1-0

[Event "Schachfestival Basel 2014"]
[Site "Basel"]
[Date "2014.01.02"]
[Round "3.43"]
[White "Michaelis, Nico"]
[Black "Schmitz, Andreas Arnold"]
[Result "1-0"]
[WhiteElo "2128"]
[BlackElo "2067"]
[PlyCount "129"]
[EventDate "2014.??.??"]
[EventRounds "7"]
[EventCountry "SUI"]
[SourceDate "2014.01.01"]

1. d4 d5 2. Nf3 Nf6 3. c4 dxc4 4. e3 Bg4 5. Bxc4 e6 6. Qb3 Bxf3 7. gxf3 Nbd7 8.
Qxb7 c5 9. Nc3 cxd4 10. exd4 Bd6 11. Ne4 Bc7 12. Rg1 Qc8 13. Qb3 Rb8 14. Qd3
Ba5+ 15. Kf1 Qc7 16. Rxg7 Qxh2 17. Bb3 Nh5 18. Rg2 Nf4 19. Bxf4 Qxf4 20. Qe3
Bc7 21. Qd3 Ke7 22. Rd1 Nb6 23. Rg4 Qh2 24. Nc5 Rbg8 25. d5 Rxg4 26. fxg4 Rd8
27. Qe4 Qf4 28. Qxh7 Nxd5 29. Qh4+ Qf6 30. g5 Qxb2 31. g6+ Qf6 32. Qxf6+ Kxf6
33. gxf7 Kxf7 34. Re1 Nf4 35. Nxe6 Nxe6 36. Rxe6 Rd7 37. Ra6+ Ke7 38. Rxa7 Kd6
39. Ra6+ Kc5 40. Ra4 Rg7 41. Re4 Bd6 42. Ke2 Rg2 43. Rc4+ Kb6 44. Kf3 Rh2 45.
Rc2 Kb5 46. Kg4 Be7 47. f4 Rh4+ 48. Kg3 Rh5 49. Kg4 Rh4+ 50. Kg3 Rh5 51. Be6
Rc5 52. Rxc5+ Kxc5 53. Kg4 Kd6 54. Bb3 Bd8 55. Kf5 Ke7 56. Kg6 Bc7 57. f5 Be5
58. Kg5 Bf6+ 59. Kf4 Kd6 60. a4 Bd8 61. Ke4 Kc5 62. Ke5 Kb4 63. Bd1 Kc3 64. Ke6
Kd2 65. Bf3 1-0

[Event "Schachfestival Basel 2014"]
[Site "Basel"]
[Date "2014.01.02"]
[Round "3.44"]
[White "O'Donnell, Conor"]
[Black "Jud, Marc"]
[Result "1/2-1/2"]
[WhiteElo "2112"]
[BlackElo "2036"]
[PlyCount "70"]
[EventDate "2014.??.??"]
[EventRounds "7"]
[EventCountry "SUI"]
[SourceDate "2014.01.01"]

1. e4 c5 2. Nf3 Nc6 3. d4 cxd4 4. Nxd4 Nf6 5. Nc3 e5 6. Ndb5 d6 7. Bg5 a6 8.
Na3 b5 9. Nd5 Be7 10. Bxf6 Bxf6 11. c4 b4 12. Nc2 a5 13. g3 O-O 14. Bg2 g6 15.
h4 Bg7 16. Nce3 Be6 17. g4 Ne7 18. Qd3 Nxd5 19. cxd5 Bc8 20. Bf1 Qb6 21. Rc1
Ba6 22. Qd2 Rfc8 23. Bc4 Bb7 24. Qd3 Qd4 25. Rc2 Rc7 26. Kd2 Rac8 27. b3 f6 28.
h5 Bh6 29. hxg6 Bxe3+ 30. fxe3 Qxd3+ 31. Kxd3 hxg6 32. Rf2 Rf8 33. Kd2 Rh7 34.
Rhf1 Rhf7 35. Rg1 g5 1/2-1/2

[Event "Schachfestival Basel 2014"]
[Site "Basel"]
[Date "2014.01.02"]
[Round "3.45"]
[White "Perman, Torvald"]
[Black "Mueller, Daniel"]
[Result "1/2-1/2"]
[WhiteElo "2015"]
[BlackElo "2100"]
[PlyCount "74"]
[EventDate "2014.??.??"]
[EventRounds "7"]
[EventCountry "SUI"]
[SourceDate "2014.01.01"]

1. c4 e6 2. g3 d5 3. Bg2 Nf6 4. Nf3 dxc4 5. Qa4+ Bd7 6. Qxc4 Bc6 7. O-O Nbd7 8.
Qc2 Be7 9. Nc3 O-O 10. d4 a5 11. e4 b6 12. Rd1 Bb7 13. Bf4 Rc8 14. Rac1 Nh5 15.
Be3 Nhf6 16. h3 Bb4 17. d5 exd5 18. Nxd5 Nxd5 19. exd5 h6 20. Nd4 Qf6 21. Qf5
Qxf5 22. Nxf5 Bd6 23. Bd4 f6 24. Re1 Ne5 25. Re3 Nf7 26. Ne7+ Bxe7 27. Rxe7
Rfd8 28. Rexc7 Rxc7 29. Rxc7 Bxd5 30. Bxb6 Bxg2 31. Kxg2 Rd2 32. Rc8+ Kh7 33.
Bxa5 Rxb2 34. a4 Ra2 35. Rc4 Ne5 36. Re4 Nd7 37. Rc4 Ne5 1/2-1/2

[Event "Schachfestival Basel 2014"]
[Site "Basel"]
[Date "2014.01.02"]
[Round "3.46"]
[White "Staechelin, Ruedi"]
[Black "Stockert, Laurids"]
[Result "1-0"]
[WhiteElo "2081"]
[BlackElo "1973"]
[PlyCount "89"]
[EventDate "2014.??.??"]
[EventRounds "7"]
[EventCountry "SUI"]
[SourceDate "2014.01.01"]

1. e4 e5 2. Nf3 Nc6 3. Bb5 Nf6 4. d3 d6 5. c3 Bd7 6. Nbd2 g6 7. Nf1 Bg7 8. Ng3
O-O 9. O-O a6 10. Ba4 b5 11. Bc2 h6 12. h3 Ne8 13. Nh2 Ne7 14. f4 f5 15. exf5
Nxf5 16. Nxf5 Bxf5 17. fxe5 dxe5 18. Be3 Nd6 19. Ng4 g5 20. Nf2 Kh8 21. Ne4
Bxe4 22. dxe4 Nc4 23. Bc1 Qe7 24. Rxf8+ Rxf8 25. b4 a5 26. a3 Rd8 27. Qe2 Ra8
28. Bb3 axb4 29. cxb4 c5 30. Bxc4 bxc4 31. b5 Ra4 32. Qd1 Ra8 33. Bb2 Qb7 34.
Qd5 Qxd5 35. exd5 e4 36. Bxg7+ Kxg7 37. a4 c3 38. a5 c2 39. a6 Kf6 40. Rc1 Ke5
41. Rxc2 Kxd5 42. Rb2 c4 43. b6 c3 44. b7 Rb8 45. Rc2 1-0

[Event "Schachfestival Basel 2014"]
[Site "Basel"]
[Date "2014.01.02"]
[Round "3.47"]
[White "Fuerst, Martin"]
[Black "Schwierskott, Marc"]
[Result "0-1"]
[WhiteElo "1951"]
[BlackElo "2237"]
[PlyCount "112"]
[EventDate "2014.??.??"]
[EventRounds "7"]
[EventCountry "SUI"]
[SourceDate "2014.01.01"]

1. d4 g6 2. c4 Bg7 3. e4 Nc6 4. Nf3 e5 5. d5 Nd4 6. Be3 c5 7. dxc6 dxc6 8. Be2
Ne7 9. O-O O-O 10. Nc3 Qc7 11. Qc1 f5 12. Bh6 Nxe2+ 13. Nxe2 fxe4 14. Nh4 Be6
15. Bxg7 Kxg7 16. Ng3 Nf5 17. Nhxf5+ gxf5 18. Qg5+ Kh8 19. b3 Qg7 20. Qxg7+
Kxg7 21. Rfd1 Rfd8 22. Kf1 Kf7 23. Ke1 Ke7 24. Rxd8 Rxd8 25. Rd1 Rg8 26. Kf1 a5
27. Rd2 a4 28. Rb2 Ra8 29. Ke2 axb3 30. axb3 Ra3 31. Kd2 Ra1 32. f3 e3+ 33. Kc3
c5 34. Re2 f4 35. Ne4 b6 36. Kb2 Rf1 37. Kc3 Bf5 38. Kd3 Rd1+ 39. Kc3 Bxe4 40.
fxe4 Rd4 41. Ra2 Rxe4 42. Kd3 Rd4+ 43. Ke2 Ke6 44. Ra6 Rd2+ 45. Kf1 Rd6 46. Ra7
h6 47. Rb7 Kf5 48. Ke1 Ke4 49. Re7 Rd3 50. Re6 Rxb3 51. Rxh6 Kd3 52. Rd6+ Kxc4
53. h4 e4 54. h5 f3 55. g4 Rb1+ 56. Rd1 f2+ 0-1

[Event "Schachfestival Basel 2014"]
[Site "Basel"]
[Date "2014.01.02"]
[Round "3.48"]
[White "Prill, Gerhard"]
[Black "Eidinger, Helmut"]
[Result "0-1"]
[WhiteElo "2047"]
[BlackElo "2143"]
[PlyCount "92"]
[EventDate "2014.??.??"]
[EventRounds "7"]
[EventCountry "SUI"]
[SourceDate "2014.01.01"]

1. e4 c5 2. Nf3 Nc6 3. d4 cxd4 4. Nxd4 Nf6 5. Nc3 d6 6. Be2 e5 7. Nf3 h6 8. h3
Be7 9. Be3 Be6 10. Qd2 d5 11. exd5 Nxd5 12. Nxd5 Qxd5 13. Qxd5 Bxd5 14. a3 O-O
15. O-O Rfd8 16. Rfd1 Bf6 17. Rab1 Be4 18. Ne1 Nd4 19. Rd2 Nxe2+ 20. Rxe2 Bc6
21. b3 b6 22. Rd2 Rxd2 23. Bxd2 Be4 24. Kf1 Rc8 25. Rb2 Be7 26. Ra2 Bc5 27. Ke2
Bd4 28. f3 Bf5 29. g4 Bg6 30. a4 a5 31. Be3 Bxe3 32. Kxe3 f6 33. Kd2 Rd8+ 34.
Ke2 Kf7 35. Ng2 Ke6 36. Ne3 Kd6 37. c3 Kc5 38. Rb2 Kc6 39. b4 axb4 40. Rxb4
Bd3+ 41. Kf2 Ba6 42. Nf5 Rd2+ 43. Kg1 Rd3 44. Nxg7 Rxf3 45. Kg2 Rxc3 46. Ne8
Bb7 0-1

[Event "Schachfestival Basel 2014"]
[Site "Basel"]
[Date "2014.01.02"]
[Round "3.49"]
[White "Lumsdon, Andrew"]
[Black "Deubelbeiss, Rene"]
[Result "0-1"]
[WhiteElo "2126"]
[BlackElo "2046"]
[PlyCount "92"]
[EventDate "2014.??.??"]
[EventRounds "7"]
[EventCountry "SUI"]
[SourceDate "2014.01.01"]

1. e4 d6 2. Na3 g6 3. c3 Nf6 4. g3 Bg7 5. Bg2 O-O 6. d4 c6 7. Ne2 Bg4 8. h3 Bd7
9. O-O a5 10. Be3 b5 11. Nc2 Na6 12. Qd2 Rb8 13. a3 c5 14. f4 Bc6 15. d5 Ba8
16. g4 Nd7 17. f5 Ne5 18. Bh6 b4 19. Bxg7 Kxg7 20. axb4 cxb4 21. Ncd4 Qb6 22.
Kh1 Nc5 23. g5 Kh8 24. Qf4 Ncd3 25. Qh4 Nxb2 26. Qh6 Rg8 27. Rf4 f6 28. Rh4 Rg7
29. Ne6 Rbg8 30. gxf6 exf6 31. fxg6 Nxg6 32. Rg4 Nd3 33. Rf1 Nde5 34. Rg3 b3
35. Rxf6 b2 36. Rf8 b1=Q+ 37. Kh2 Qa7 38. Rxg8+ Rxg8 39. h4 Qe1 40. N2d4 Qf7
41. Nf5 Qxg3+ 42. Kxg3 Ne7+ 43. Ng5 Nxf5+ 44. exf5 Qxf5 45. Be4 Qf2+ 46. Kh3
Qh2+ 0-1

[Event "Schachfestival Basel 2014"]
[Site "Basel"]
[Date "2014.01.02"]
[Round "3.50"]
[White "Hess, Christian"]
[Black "Pfister, Peter"]
[Result "1-0"]
[WhiteElo "2233"]
[BlackElo "2102"]
[PlyCount "61"]
[EventDate "2014.??.??"]
[EventRounds "7"]
[EventCountry "SUI"]
[SourceDate "2014.01.01"]

1. Nf3 Nf6 2. c4 g6 3. Nc3 Bg7 4. g3 O-O 5. Bg2 d6 6. O-O a6 7. d3 Nc6 8. Rb1
Ne8 9. Bd2 e5 10. b4 h6 11. a4 Ne7 12. b5 axb5 13. axb5 d5 14. cxd5 Nxd5 15.
Nxd5 Qxd5 16. Qc1 Qa2 17. Bb4 Qxe2 18. Bxf8 Kxf8 19. Re1 Qxd3 20. Nxe5 Qd6 21.
Qf4 Qf6 22. Qc4 Be6 23. Qc5+ Kg8 24. Bxb7 Ra2 25. Rbd1 Bf8 26. Qe3 Bd6 27. Bd5
Ra3 28. Qd4 Ng7 29. Nc6 Qxd4 30. Rxd4 h5 31. b6 1-0

[Event "Schachfestival Basel 2014"]
[Site "Basel"]
[Date "2014.01.02"]
[Round "3.51"]
[White "Ramseyer, Thomas"]
[Black "Pfau, Michael"]
[Result "0-1"]
[WhiteElo "2121"]
[BlackElo "1984"]
[PlyCount "70"]
[EventDate "2014.??.??"]
[EventRounds "7"]
[EventCountry "SUI"]
[SourceDate "2014.01.01"]

1. e4 e5 2. Nf3 Nc6 3. Bc4 Bd6 4. O-O Nf6 5. Re1 O-O 6. d4 h6 7. dxe5 Bxe5 8.
c3 d6 9. h3 Ne7 10. Nxe5 dxe5 11. Qf3 Ng6 12. Qg3 Kh7 13. Nd2 Qe7 14. Nb3 a5
15. a4 Be6 16. Bxe6 Qxe6 17. Nc5 Qc4 18. Be3 b6 19. b3 Qxc3 20. Rec1 Qb2 21.
Rcb1 Qe2 22. Re1 Qh5 23. Nd3 Nxe4 24. Qh2 Nf6 25. g4 Qh4 26. f3 Nd7 27. Rad1
Rad8 28. f4 exf4 29. Nxf4 Nde5 30. Nxg6 Nf3+ 31. Kh1 fxg6 32. Bf2 Qf6 33. Qxc7
Nxe1 34. Rxd8 Qf3+ 35. Kg1 Qg2# 0-1

[Event "Schachfestival Basel 2014"]
[Site "Basel"]
[Date "2014.01.02"]
[Round "3.52"]
[White "Naarden, Amindo"]
[Black "Cote, Frederic"]
[Result "1-0"]
[WhiteElo "2100"]
[BlackElo "1972"]
[PlyCount "61"]
[EventDate "2014.??.??"]
[EventRounds "7"]
[EventCountry "SUI"]
[SourceDate "2014.01.01"]

1. c4 d6 2. Nc3 c6 3. g3 e5 4. Bg2 f5 5. d4 e4 6. d5 Be7 7. f4 Na6 8. Nh3 Nf6
9. Nf2 O-O 10. e3 Nc7 11. dxc6 bxc6 12. O-O Be6 13. Qe2 Qb8 14. b3 a5 15. Ba3
Re8 16. g4 d5 17. Bxe7 Rxe7 18. gxf5 Bxf5 19. Rfd1 Rd7 20. cxd5 cxd5 21. Rac1
Bg6 22. Bh3 Rd6 23. Ng4 Nxg4 24. Bxg4 Raa6 25. Nxd5 Nxd5 26. Rxd5 Rac6 27. Rxc6
Rxc6 28. Qd2 Be8 29. Rd8 Rc1+ 30. Kf2 Rc2 31. Rxe8+ 1-0

[Event "Schachfestival Basel 2014"]
[Site "Basel"]
[Date "2014.01.02"]
[Round "3.53"]
[White "Haenggi, Markus"]
[Black "Schroeter, Michael"]
[Result "1/2-1/2"]
[WhiteElo "2062"]
[BlackElo "1971"]
[PlyCount "120"]
[EventDate "2014.??.??"]
[EventRounds "7"]
[EventCountry "SUI"]
[SourceDate "2014.01.01"]

1. e4 e6 2. d3 d5 3. Nd2 Nf6 4. Ngf3 c5 5. g3 b6 6. Bg2 Bb7 7. O-O Be7 8. Re1
Nc6 9. e5 Nd7 10. Nf1 Qc7 11. Bf4 h6 12. h4 O-O-O 13. Ne3 Nd4 14. Nxd4 cxd4 15.
Nxd5 Bxd5 16. Bxd5 exd5 17. e6 Qc6 18. exd7+ Qxd7 19. Be5 Rhg8 20. c3 dxc3 21.
Rc1 Bd6 22. Rxc3+ Kb8 23. d4 Bxe5 24. Rxe5 Rge8 25. Rce3 f6 26. Rxe8 Rxe8 27.
Qf3 Rxe3 28. Qxe3 Kb7 29. Kg2 g5 30. hxg5 hxg5 31. f3 Kc6 32. Qc3+ Kd6 33. Qa3+
Ke6 34. Qf8 Qf7 35. Qb8 Qh7 36. Qc8+ Qd7 37. Qc2 Kf7 38. Qh7+ Ke6 39. Qd3 Kf7
40. g4 Kg7 41. Qc2 Kh6 42. b4 b5 43. Qc5 Kg7 44. Kg3 Kf7 45. f4 Kg7 46. f5 Kf7
47. Kf3 Kg7 48. a3 Kf7 49. Kf2 Kg7 50. Ke2 Kf7 51. Kd2 Kg7 52. Kc3 Kf7 53. Kb2
Kg7 54. Qc2 Kf7 55. Qh2 Kg7 56. Qb8 Kf7 57. Qh8 Qe7 58. Qh5+ Kf8 59. Qh2 Kg7
60. Qc2 Qe3 1/2-1/2

[Event "Schachfestival Basel 2014"]
[Site "Basel"]
[Date "2014.01.02"]
[Round "3.54"]
[White "Bender, Dirk"]
[Black "Hartmann, Wolfgang"]
[Result "1-0"]
[WhiteElo "2058"]
[BlackElo "1968"]
[PlyCount "81"]
[EventDate "2014.??.??"]
[EventRounds "7"]
[EventCountry "SUI"]
[SourceDate "2014.01.01"]

1. c4 Nf6 2. g3 g6 3. Bg2 Bg7 4. Nc3 O-O 5. e3 d6 6. Nge2 c6 7. O-O a5 8. a3 e5
9. Rb1 Be6 10. d3 Qd7 11. Na4 Qc7 12. b4 axb4 13. axb4 e4 14. Nd4 exd3 15. Nxe6
fxe6 16. Nb2 Qe7 17. Nxd3 e5 18. b5 Kh8 19. Qb3 e4 20. Nf4 g5 21. Ne2 c5 22.
Bb2 Nbd7 23. Qc2 Rfe8 24. Ra1 Rxa1 25. Rxa1 Ne5 26. Bxe5 Qxe5 27. Ra7 Qe7 28.
Nc3 h5 29. Qd1 Qf7 30. Nd5 Nxd5 31. Qxd5 Qxd5 32. cxd5 Re7 33. Ra4 Bc3 34. Bxe4
Kg7 35. Bd3 b6 36. Ra8 Rb7 37. Rd8 Be5 38. f4 gxf4 39. gxf4 Bf6 40. Rxd6 Re7
41. Kf2 1-0

[Event "Schachfestival Basel 2014"]
[Site "Basel"]
[Date "2014.01.02"]
[Round "3.55"]
[White "Chauveau, Philippe"]
[Black "Ditzler, Juerg"]
[Result "1/2-1/2"]
[WhiteElo "1968"]
[BlackElo "2053"]
[PlyCount "32"]
[EventDate "2014.??.??"]
[EventRounds "7"]
[EventCountry "SUI"]
[SourceDate "2014.01.01"]

1. Nf3 g6 2. c4 Bg7 3. Nc3 c5 4. g3 Nf6 5. Bg2 O-O 6. O-O Nc6 7. d3 d6 8. a3 e6
9. Rb1 Ne8 10. Bd2 a5 11. Nb5 Nc7 12. Nxc7 Qxc7 13. Qc1 Bd7 14. Bh6 Rfb8 15.
Bxg7 Kxg7 16. h4 h5 1/2-1/2

[Event "Schachfestival Basel 2014"]
[Site "Basel"]
[Date "2014.01.02"]
[Round "3.56"]
[White "Paul, Mathias"]
[Black "Stucki, Kaspar"]
[Result "1-0"]
[WhiteElo "2053"]
[BlackElo "1966"]
[PlyCount "35"]
[EventDate "2014.??.??"]
[EventRounds "7"]
[EventCountry "SUI"]
[SourceDate "2014.01.01"]

1. e4 e5 2. f4 exf4 3. Bc4 Ne7 4. Nc3 Ng6 5. Nf3 Be7 6. d4 Bh4+ 7. Kf1 O-O 8.
g3 fxg3 9. hxg3 Bxg3 10. Bg5 Qe8 11. Ne5 Nxe5 12. Qh5 h6 13. Bxh6 Nxc4 14. Bxg7
f6 15. Qh7+ Kf7 16. Bh8+ Ke6 17. Qf5+ Ke7 18. Rh7+ 1-0

[Event "Schachfestival Basel 2014"]
[Site "Basel"]
[Date "2014.01.03"]
[Round "4.1"]
[White "Fier, Alexandr"]
[Black "Wojtaszek, Radoslaw"]
[Result "1/2-1/2"]
[WhiteElo "2572"]
[BlackElo "2711"]
[PlyCount "171"]
[EventDate "2014.??.??"]
[EventRounds "7"]
[EventCountry "SUI"]
[SourceDate "2014.01.01"]

1. e4 c5 2. Nf3 d6 3. d4 cxd4 4. Nxd4 Nf6 5. Nc3 a6 6. Be3 e5 7. Nb3 Be6 8. h3
Be7 9. f4 exf4 10. Bxf4 Nc6 11. Qe2 Nd7 12. O-O-O Nce5 13. Kb1 Rc8 14. Qe3 O-O
15. g4 Re8 16. Nd4 Qa5 17. a3 b5 18. Nd5 Bxd5 19. exd5 Bf8 20. Qd2 Qxd2 21.
Bxd2 Nb6 22. Bg2 Nec4 23. Bc1 Ne3 24. Bxe3 Rxe3 25. Rhe1 Rce8 26. Rxe3 Rxe3 27.
Nc6 g6 28. Bf1 Bg7 29. c3 Na4 30. Rc1 f5 31. gxf5 gxf5 32. Nb4 Nc5 33. Kc2 f4
34. Rd1 f3 35. Nd3 Ne4 36. Nb4 a5 37. Nc6 f2 38. Bxb5 a4 39. Ne7+ Kf8 40. Nf5
Re1 41. Nxg7 Kxg7 42. Rd4 Kf6 43. Rxa4 Ke5 44. Ra7 f1=Q 45. Bxf1 Rxf1 46. Rxh7
Rf2+ 47. Kb1 Kxd5 48. Rb7 Nd2+ 49. Ka2 Nc4 50. Rb4 Rh2 51. Kb1 Rxh3 52. Kc2
Rh2+ 53. Kb1 Kc5 54. Rb8 d5 55. Ka2 Kd6 56. Rb4 Ke5 57. Ka1 Re2 58. Kb1 Re4 59.
Ka2 Kd6 60. Rb8 Rh4 61. Kb1 Rh1+ 62. Ka2 Rh2 63. Rb4 Re2 64. Ka1 Kc5 65. Kb1
Ne5 66. Ka2 Re4 67. Rb8 Nc6 68. Rb7 Kc4 69. Rc7 Kc5 70. Rb7 Re2 71. Kb1 Ne5 72.
Ka2 Kc4 73. a4 Kc5 74. Rb8 Nc4 75. Rb5+ Kc6 76. Rb8 Re4 77. Rc8+ Kd7 78. Rh8
Kc7 79. Rh7+ Kb6 80. Rh8 Ka6 81. Rd8 Re5 82. Rb8 Re2 83. Rb5 Nb6 84. Ka3 Rd2
85. b3 d4 86. cxd4 1/2-1/2

[Event "Schachfestival Basel 2014"]
[Site "Basel"]
[Date "2014.01.03"]
[Round "4.2"]
[White "Sengupta, Deep"]
[Black "Popov, Ivan"]
[Result "0-1"]
[WhiteElo "2538"]
[BlackElo "2650"]
[PlyCount "98"]
[EventDate "2014.??.??"]
[EventRounds "7"]
[EventCountry "SUI"]
[SourceDate "2014.01.01"]

1. e4 c5 2. Nf3 e6 3. d4 cxd4 4. Nxd4 Nc6 5. Nc3 Qc7 6. Be2 a6 7. O-O Nf6 8.
Be3 Be7 9. f4 d6 10. a4 O-O 11. Kh1 Nxd4 12. Qxd4 Bd7 13. e5 Ne8 14. Bd3 Bc6
15. Bf2 Rd8 16. Qe3 g6 17. a5 Ng7 18. Qe2 Rd7 19. Bb6 Qb8 20. Rad1 Bd8 21. Ne4
Bxe4 22. Bxe4 Bxb6 23. axb6 Qd8 24. Rxd6 Rxd6 25. exd6 Qxb6 26. Rd1 Rd8 27. d7
Nh5 28. Bf3 Nf6 29. Qe5 Nxd7 30. Qd4 Qc7 31. c3 a5 32. f5 gxf5 33. g4 f4 34. g5
Kf8 35. h4 Ke7 36. Be4 e5 37. Qd5 Nc5 38. Qxd8+ Qxd8 39. Rxd8 Kxd8 40. Bxh7 Na4
41. b4 b6 42. bxa5 bxa5 43. c4 Nc5 44. Bb1 Ke7 45. Kg2 e4 46. h5 a4 47. Kf2 a3
48. Kg2 e3 49. Kf3 Ne6 0-1

[Event "Schachfestival Basel 2014"]
[Site "Basel"]
[Date "2014.01.03"]
[Round "4.3"]
[White "Popilski, Gil"]
[Black "Van Kampen, Robin Oscar"]
[Result "0-1"]
[WhiteElo "2492"]
[BlackElo "2602"]
[PlyCount "92"]
[EventDate "2014.??.??"]
[EventRounds "7"]
[EventCountry "SUI"]
[SourceDate "2014.01.01"]

1. d4 d6 2. c4 e5 3. d5 Be7 4. Nc3 Bg5 5. Nf3 Bxc1 6. Rxc1 Nf6 7. Nd2 a5 8. e4
O-O 9. Be2 Na6 10. a3 Bd7 11. Rb1 c6 12. b4 axb4 13. axb4 c5 14. b5 Nb4 15. O-O
Na2 16. Qc2 Nxc3 17. Qxc3 Qa5 18. Qxa5 Rxa5 19. Nb3 Ra3 20. Bd3 Nh5 21. Bc2 Ra2
22. Rfc1 g6 23. Ra1 Rfa8 24. Kf1 Nf4 25. Bd1 Nd3 26. Rxa2 Rxa2 27. Rc2 Ra3 28.
Rd2 Nb4 29. Ke2 f5 30. Rb2 fxe4 31. Ke3 Bxb5 32. cxb5 Nxd5+ 33. Kd2 c4 34. Ke1
Nf4 35. Nc1 Nxg2+ 36. Kf1 Nf4 37. Ra2 Rxa2 38. Nxa2 Kf7 39. Nc3 d5 40. Na4 Ke7
41. Nc5 b6 42. Na4 Kd6 43. Nxb6 Kc5 44. Nd7+ Kxb5 45. Nxe5 Kb4 46. Ke1 d4 0-1

[Event "Schachfestival Basel 2014"]
[Site "Basel"]
[Date "2014.01.03"]
[Round "4.4"]
[White "Istratescu, Andrei"]
[Black "El Debs, Felipe de Cresce"]
[Result "1/2-1/2"]
[WhiteElo "2677"]
[BlackElo "2520"]
[PlyCount "80"]
[EventDate "2014.??.??"]
[EventRounds "7"]
[EventCountry "SUI"]
[SourceDate "2014.01.01"]

1. e4 c5 2. Nf3 e6 3. c3 Nf6 4. e5 Nd5 5. d4 cxd4 6. cxd4 d6 7. Bc4 Be7 8. O-O
O-O 9. Qe2 Nc6 10. Nc3 dxe5 11. dxe5 Nxc3 12. bxc3 Qa5 13. Bd2 Rd8 14. Rfe1 Bd7
15. Rab1 Qc7 16. Bd3 Be8 17. h4 Rd5 18. Be4 Ra5 19. Bf4 Rd8 20. h5 Rc5 21. Rbc1
Na5 22. Bb1 Rxc3 23. Rxc3 Qxc3 24. Bd2 Qc7 25. Ng5 g6 26. hxg6 hxg6 27. Qe3 Rd5
28. Ne4 Qd8 29. Bc3 Nc4 30. Qf4 Rd1 31. Bc2 Rxe1+ 32. Bxe1 Bc6 33. Nf6+ Bxf6
34. exf6 Qd5 35. Qb8+ Kh7 36. Qh2+ Kg8 37. Bc3 Qg5 38. Qb8+ Kh7 39. Qh2+ Kg8
40. Qb8+ Kh7 1/2-1/2